000 01553nam a2200253 i 4500
003 DO-SdBNP
005 20231108081027.0
006 a||||gr|||| 00| 0
007 ta
008 231107e19481998dr aoc|| |||| 00| 0 spa d
040 _aDO-SdBNP
_bspa
_cBNPHU
_erda
082 4 _222
_bR426f
110 1 _aRepública Dominicana.
_bFuerza Aérea Dominicana
_982163
_eautor
245 1 0 _a50 aniversario:
_b1948 - 1998. /
246 1 4 _aCincuenta aniversario:
_bmil novecientos cuarenta y ocho - mil novecientos noventa y ocho:
264 _aSanto Domigo :
_bÓrgano Informativo de la Fuerza Aérea Dominicana,
_c1998
300 _a72 páginas :
_bIlustraciones, fotografía, retratos ;
_c30 cm.
336 _2rdacontent
_atexto
_btxt
337 _2rdamedia
_asin mediación
_bn
338 _2rdacarrier
_avolumen
_bnc
505 _aPadres de la Patria.
_tSaludos al Sr. Presidente.--
_tCarta del Secretario FF.AA.--
_tCarta del jefe de Estado Mayor.--
_tEl vuelo Panamericano.-- Historia de Evolución de la FAD.-- Misión de la FAD.-- Jefes de Estado Mayor de la FAD.-- Organización actual y Organigrama FAD.-- Comando aéreo.-- Escuadrón de Combate.-- Escuadrón de rescate.-- Escuadrón de Transporte aéreo.-- Comando aéreo Norte.-- Comando de mantenimiento.--
_tComando de seguridad de base.-- Comando de Fuerzas Especiales.--Comando de apoyo.-- La FAD y la educación.-- prof. y entrenamiento.-- La FAD y la y la Salud.-- Rol de la mujer en la FAD.-- La FAD y los deportes.-- Instalaciones.-- Colofón.
590 _aInventariado 2023 / MF
942 _2ddc
_cLBS1
999 _c55410
_d55410